Második gazdaság - modernitás-dualitás. Tegnapi jövöképeink mai szemmel.

Konkrétne problémy privatizácie a znovuzavedenia súkromného podnikania v Maďarsku. Nevyhnutnosť rýchlej privatizácie a stabilizácie ekonomiky cestou trhového hospodárstva je podmienkou záchrany maďarského hospodárstva a udržania životnej úrovne. V procese privatizácie dochádza k protekcionalizmu, k...

Descrizione completa

Salvato in:
Dettagli Bibliografici
Autore principale: Gábor, R.I
Natura: Capitolo di libro
Lingua:ungherese
Soggetti:
Tags: Aggiungi Tag
Nessun Tag, puoi essere il primo ad aggiungerne!!

MARC

LEADER 00000naa a2200000 4500
001 r006016
005 20221125113718.5
041 0 |a hun 
044 |a HU 
245 1 0 |a Második gazdaság - modernitás-dualitás. Tegnapi jövöképeink mai szemmel.  |c R.I. Gábor 
520 |a Konkrétne problémy privatizácie a znovuzavedenia súkromného podnikania v Maďarsku. Nevyhnutnosť rýchlej privatizácie a stabilizácie ekonomiky cestou trhového hospodárstva je podmienkou záchrany maďarského hospodárstva a udržania životnej úrovne. V procese privatizácie dochádza k protekcionalizmu, k vytváraniu mafií, k tzv. druhým podnikom solventných jedincov, resp. skupín ľudí. 
610 2 0 |a sektor súkromný 
610 2 0 |a privatizácia 
610 2 0 |a podnikanie súkromné 
610 2 0 |a MR 
610 2 0 |a hospodárstvo trhové 
610 2 0 |a riadenie NH 
610 2 0 |a socializmus trhový 
610 2 0 |a trh práce 
610 2 0 |a politika hospodárska 
610 2 0 |a reformy hospodárske 
100 1 |a Gábor, R.I.